| 000 | 01908nam a2200241Ia 4500 | ||
|---|---|---|---|
| 005 | 20181204154447.0 | ||
| 008 | 130821s1917 sp fr 1 spa | ||
| 040 |
_aCo-BoUCM _bspa _cSandra Yazo _dSandra Yazo |
||
| 041 | _aspa | ||
| 082 | 0 | 4 |
_a347.6 _220 |
| 092 | _aE47N045 | ||
| 100 | 1 |
_aRodriguez Altunaga, Rafael _d1887 - _994788 |
|
| 245 | 1 | 0 |
_aDerecho mercantil _cRafael Rodríguez Altunaga ; Carta-Prólogo del Dr. José A. del Cueto _bEstudio sobre el Derecho Mercantil vigente en Cuba, España, Perú y El Salvador |
| 260 |
_aMadrid (España) _bImpresora Clásica Española _c1917 |
||
| 300 |
_aviii, 887 páginas _c24 x 16 cm. |
||
| 500 | _aDetalles físicos: Detalles físicos: Encuadernación rígida (holandesa) en cartón forrado en papel jaspeado. Lomo de tela texturizada con adornos en dorado. Guardas. Anteportada. Portada impresa en una sola tinta. Dedicatoria. Texto impreso en una sola columna, con diferentes tipos y tamaños de letra. Notas de pie de página. Apostillas marginales impresas. Residuos de cinta pegante en tapas y lomo. Papel con oxidación | ||
| 505 | 0 | _aFuentes del derecho comercial y de los actos de comercio ; El comerciante individual: Capacidad del comerciante individual; incapacidad mercantil ; Las Compañías mercantiles ; Auxiliares del comerciante: auxiliares dependientes del comercio terrestre; auxiliares dependientes del comercio marítimo ; Auxiliares independientes ; Obligaciones de los comerciantes ; Instituciones que favorecen el ejercicio del comercio ; Las obligaciones mercantiles ; Los contratos mercantiles ; Contratos sobre cosas ; Contratos sobre el trabajo humano ; Contratos sobre valores ; Contratos sobre riesgos | |
| 506 | _aConsulta en sala | ||
| 650 | 7 |
_aSociedades comerciales _924740 |
|
| 650 | 7 |
_aDerecho mercantil internacional _912794 |
|
| 690 |
_aDerecho comercial _912717 |
||
| 942 |
_cLIBRO _e1 _2LOCAL _hE47N045 |
||
| 999 |
_c311308 _d311308 |
||